Command Performance: (Record no. 3512)

MARC details
000 -LEADER
fixed length control field 00503nam a2200169Ia 4500
003 - CONTROL NUMBER IDENTIFIER
control field GBCCL
005 - DATE AND TIME OF LATEST TRANSACTION
control field 20241126110456.0
008 - FIXED-LENGTH DATA ELEMENTS--GENERAL INFORMATION
fixed length control field 171128b xxu||||| |||| 00| 0 eng d
040 ## - CATALOGING SOURCE
Transcribing agency gbc
082 ## - DEWEY DECIMAL CLASSIFICATION NUMBER
Classification number 262.1
Item number WAR
100 ## - MAIN ENTRY--PERSONAL NAME
Personal name Warner, Colin P.
9 (RLIN) 6678
245 ## - TITLE STATEMENT
Title Command Performance:
Remainder of title Christian Discipleship and Biblical Leadership /
Statement of responsibility, etc. Colin P. Warner
260 ## - PUBLICATION, DISTRIBUTION, ETC.
Name of publisher, distributor, etc. Mission Educational Books,
Place of publication, distribution, etc. Chennai:
Date of publication, distribution, etc. 2004
300 ## - PHYSICAL DESCRIPTION
Extent 123p.;
Dimensions 20 cm.
650 ## - SUBJECT ADDED ENTRY--TOPICAL TERM
Topical term or geographic name entry element Christian Leadership
9 (RLIN) 1568
942 ## - ADDED ENTRY ELEMENTS (KOHA)
Source of classification or shelving scheme Dewey Decimal Classification
Koha item type Books
Koha issues (borrowed), all copies 3
Holdings
Withdrawn status Lost status Source of classification or shelving scheme Damaged status Not for loan Home library Current Library Shelving location Date acquired Total checkouts Full call number Barcode Date last seen Date last checked out Copy number Price effective from Koha item type
    Dewey Decimal Classification     GRACE BIBLE COLLEGE GRACE BIBLE COLLEGE Ministry & Mission 2017-11-28 1 262.1 WAR 006896 2025-05-01 2023-08-23 c.2 2017-11-28 Books
    Dewey Decimal Classification     GRACE BIBLE COLLEGE GRACE BIBLE COLLEGE Ministry & Mission 2017-11-28 2 262.1 WAR 006895 2025-05-01 2024-09-10 c.1 2017-11-28 Books
© Grace Bible College Library 2025